5HLuxD.jpg

KING HENRY VIII SENIOR AND PRIMARY SCHOOL LIBRARY OPAC

Edgar Allan Poe's tales of mystery and madness / (Record no. 2887)

000 -LEADER
fixed length control field 01859cam a2200313 a 4500
001 - CONTROL NUMBER
control field 13196875
003 - CONTROL NUMBER IDENTIFIER
control field OSt
005 - DATE AND TIME OF LATEST TRANSACTION
control field 20230911074749.0
008 - FIXED-LENGTH DATA ELEMENTS--GENERAL INFORMATION
fixed length control field 030514s2004 nyua j 000 1 eng
010 ## - LIBRARY OF CONGRESS CONTROL NUMBER
LC control number 2003010565
020 ## - INTERNATIONAL STANDARD BOOK NUMBER
International Standard Book Number 0689848374
020 ## - INTERNATIONAL STANDARD BOOK NUMBER
International Standard Book Number 9780689848377
040 ## - CATALOGING SOURCE
Original cataloging agency DLC
Transcribing agency DLC
Modifying agency DLC
-- KH8
042 ## - AUTHENTICATION CODE
Authentication code lcac
082 00 - DEWEY DECIMAL CLASSIFICATION NUMBER
Classification number 813.3 POE
Edition number 22
100 1# - MAIN ENTRY--PERSONAL NAME
Personal name Poe, Edgar Allan,
Dates associated with a name 1809-1849,
Relator term author.
240 10 - UNIFORM TITLE
Uniform title Works.
Form subheading Selections.
Date of a work 2004.
Version Atheneum
245 10 - TITLE STATEMENT
Title Edgar Allan Poe's tales of mystery and madness /
Statement of responsibility, etc. illustrated by Gris Grimley.
260 ## - PUBLICATION, DISTRIBUTION, ETC.
Place of publication, distribution, etc. New York :
Name of publisher, distributor, etc. Atheneum Books for Young Readers,
Date of publication, distribution, etc. c2004.
300 ## - PHYSICAL DESCRIPTION
Extent 135 p. :
Other physical details col. ill. ;
Dimensions 24 cm.
505 0# - FORMATTED CONTENTS NOTE
Formatted contents note The black cat -- The masque of the red death -- Hop-frog -- The fall of the house of Usher.
520 ## - SUMMARY, ETC.
Summary, etc. A sweet little cat drives a man to insanity and murder....<br/>The grim death known as the plague roams a masquerade ball dressed in red....<br/>A dwarf seeks his final revenge on his captors....<br/>A sister calls to her beloved twin from beyond the grave....<br/>Prepare yourself. You are about to enter a world where you will be shocked, terrified, and, though you'll be too scared to admit it at first, secretly thrilled. Here are four tales -- The Black Cat, The Masque of the Red Death, Hop-Frog, and The Fall of the House of Usher -- by the master of the macabre, Edgar Allan Poe. The original tales have been ever so slightly dismembered -- but, of course, Poe understood dismemberment very well. And he would shriek in ghoulish delight at Gris Grimly's gruesomely delectable illustrations that adorn every page. So prepare yourself. And keep the lights on.
650 #0 - SUBJECT ADDED ENTRY--TOPICAL TERM
Topical term or geographic name entry element Horror tales, American.
650 #0 - SUBJECT ADDED ENTRY--TOPICAL TERM
Topical term or geographic name entry element Children's stories, American.
650 #1 - SUBJECT ADDED ENTRY--TOPICAL TERM
Topical term or geographic name entry element Horror stories.
650 #1 - SUBJECT ADDED ENTRY--TOPICAL TERM
Topical term or geographic name entry element Short stories.
700 1# - ADDED ENTRY--PERSONAL NAME
Personal name Grimly, Gris,
Relator term illustrator.
942 ## - ADDED ENTRY ELEMENTS (KOHA)
Source of classification or shelving scheme
Koha item type Teaching Resources
Holdings
Withdrawn status Lost status Source of classification or shelving scheme Damaged status Not for loan Collection code Permanent Location Current Location Shelving location Date acquired Full call number Barcode Date last seen Price effective from Koha item type
          Teaching Resources KH8 Senior School Library KH8 Senior School Library Staff Office 2023-09-11 813.3 POE TRKHSL002570 2023-09-11 2023-09-11 Teaching Resources
          Teaching Resources KH8 Senior School Library KH8 Senior School Library Staff Office 2023-11-07 813.3 POE TRKHSL004983 2023-11-07 2023-11-07 Teaching Resources

Powered By KH8 IT Dept